| 000 | 01418nam a2200397Ii 4500 | ||
|---|---|---|---|
| 001 | DIGSEXPIS0139 | ||
| 003 | NyNyDIG | ||
| 006 | m o d | ||
| 007 | cr ||||||||||| | ||
| 008 | 250103s2023 mx o 000 0 spa d | ||
| 035 | _a(OCoLC)1491106891 | ||
| 040 |
_aDGITA _beng _erda _epn _cDGITA |
||
| 020 |
_a9786078895397 _qeBook |
||
| 020 | _z9786078895366 | ||
| 050 | 1 | 4 | _aPQ7798.413.A313 ebook |
| 100 | 1 |
_aCabral, Nicolás, _d1975- _eauthor. |
|
| 245 | 1 | 0 |
_aFormas de habitar : _bensayos críticos / _cNicolás Cabral. |
| 250 | _aPrimera edición. | ||
| 264 | 1 |
_aCiudad de México : _bSexto Piso, _c2023. |
|
| 300 | _a1 online resource. | ||
| 336 |
_atext _btxt _2rdacontent |
||
| 337 |
_acomputer _bc _2rdamedia |
||
| 338 |
_aonline resource _bcr _2rdacarrier |
||
| 347 |
_atext file _2rdaft |
||
| 347 | _bEPUB | ||
| 490 | 1 | _aEnsayo | |
| 588 | 0 | _aOnline resource; title from ePub title page (Digitalia, viewed January 3, 2025) | |
| 655 | 7 |
_aEssays. _2lcgft |
|
| 791 | 2 |
_aDigitalia (Firm), _edistributor. |
|
| 793 | 0 |
_gDigitalia eBook Collection: _aEditorial Sexto Piso |
|
| 776 | 0 | 8 |
_iPrint version: _aCabral, Nicolás, 1975- _tFormas de habitar. _bPrimera edición. _dCiudad de México : Sexto Piso, [2023] _z9786078895366 |
| 830 | 0 | _aEnsayo Sexto Piso. | |
| 856 | 4 | 0 |
_3Digitalia Hispánica _uhttps://www.digitaliapublishing.com/a/162417/ |
| 910 | _aPremium collection: 2025 | ||
| 942 | _cRAA | ||
| 999 |
_c289153 _d289153 |
||